000 00546nam a2200217Ia 4500
003 OSt
005 20220928141045.0
006 a|||||r|||| 00| 0
007 ta
008 220927b |||||||| |||| 00| 0 eng d
024 _a13266
037 _cTextual
040 _aSDCL
_cSDCL
_beng
041 _2eng
_aeng
082 _aWv, K7
100 _aGermino Dante
_9498792
245 0 _aBeyond ideology
_bThe revival of political theory
260 _c1967
942 _hWv, K7
_cTEXL
_2CC
999 _c815675
_d815675